| 000 | 01156nam0a22002651 4500 | ||
|---|---|---|---|
| 001 | rc\892194 | ||
| 005 | 20250622032756.0 | ||
| 035 | _a(NLR Aleph) 006068611 | ||
| 090 |
_a4980354 _c4980354 |
||
| 100 | _a20041129d1983 |||y0rusy50 ca | ||
| 101 | 0 | _arus | |
| 102 | _aRU | ||
| 105 | _ay ||||||||| | ||
| 200 | 1 |
_aХарьковщина в Великой Отечественной войне _e(Науч.-вспомогат. указ. лит.) _f[Сост.: Г.Н. Каширина, А.В. Попов, В.А. Ярошик] |
|
| 210 |
_aХарьков _cХГНБК _d1983 (вып. дан. 1984) |
||
| 215 |
_a69 с. _d20 |
||
| 300 | _aЗагл. обл.: Харьковщина в Великой Отечественной войне 1941-1945 гг. | ||
| 300 | _aВ надзаг.: Харьк. гос. науч. б-ка им. В.Г. Короленко | ||
| 512 | 0 | _aХарьковщина в Великой Отечественной войне 1941-1945 гг. | |
| 700 | 1 |
_aКаширина _bГ.Н. _gГалина Николаевна |
|
| 801 | 0 |
_aRU _bNLR _gpsbo |
|
| 801 | 1 |
_aRU _bELAR _2rusmarc |
|
| 852 |
_aNLR _bС _jК-1/2443 |
||
| 942 | _cBOOK | ||
| 980 | _aNB | ||